000 00752nam a2200253Ia 4500
003 OSt
005 20220928130801.0
006 a|||||r|||| 00| 0
007 ta
008 220927b |||||||| |||| 00| 0 eng d
020 _c895
024 _a124345
037 _b057, 02/09/2014, Classic Book Service
_cTextual
040 _aSDCL
_cSDCL
_beng
041 _2eng
_aeng
082 _aQ81, Q4
100 _aBalslev Anindita N. Ed.
_9476183
245 0 _aOn world religions
_b Diversity, not dissension.
260 _aNew Delhi
_bSage
_c2014
300 _axxii;281p.
_ccm.
650 _aPolitical Science
942 _hQ81, Q4
_cTEXL
_2CC
999 _c788675
_d788675